Criminologia crt̕ica e crt̕ica criminolg̤ica estudos em homenagem aos 10 anos do Grupo Casa Verde /

Detalles Bibliográficos
Autor principal: Cand̊o, Carlos Augusto
Otros Autores: Leite Valente, Jl︢ia, Rodrigues Medrado, Nayara, Reis Albuquerque, Lucas Augusto
Formato: eBook
Lenguaje:portugués
Publicado: Belo Horizonte: Initia Via Editora, 2019
Materias:
Acceso en línea:Acceso restringido

MARC

LEADER 00000nam a22000007a 4500
005 20210105000732.0
007 cr|||| ||||
008 210105s2019 br |||||s|||| 00||0 por d
020 |a 978-85-9547-023-1 
035 |a 32539 
040 |a vLex 
090 |c 11050  |d 11050 
100 1 |a Cand̊o, Carlos Augusto 
245 1 0 |a Criminologia crt̕ica e crt̕ica criminolg̤ica  |h [Recurso electrn̤ico] :  |b estudos em homenagem aos 10 anos do Grupo Casa Verde /  |c Carlos Augusto Cand̊o, Jl︢ia Leite Valente, Nayara Rodrigues Medrado, Lucas Augusto Reis Albuquerque 
256 |a Servicio en ln̕ea 
260 |a Belo Horizonte:  |b Initia Via Editora,  |c 2019 
300 |a 1 recurso electrn̤ico 
500 |a Na gestô da chapa Disparada (2007-2008), o CAAP (Centro Acadm̊ico Afonso Pena), por iniciativa de sua diretoria de extensô, tendo ̉frente o entô aluno David F. L. Gomes, hoje professor efeti- vo da nossa Faculdade, criou um grupo de estudos de alunos e para alunos com o objetivo de discutir temas que nô faziam parte dos programas oficiais das nossas disciplinas do Departamento. Nesse grupo de estudos, que surge especialmente dedicado ̉execuȯ̂ penal e depois insere em seu escopo a discussô crimino- lg̤ica, que hoje constitui seu objeto central, foram, ao longo desses mais de dez anos, lidos muitos textos crt̕icos e ouvidos especialistas e profissionais com diferentes formaė̳s mas com preocupaė̳s co- muns especialmente em relaȯ̂ ao sistema prisional. A ns̤ professores ̌possv̕el fazer algumas consideraė̳s; para mim, a principal ̌que os alunos nos estavam dizendo que nos- so currc̕ulo ̌falho ao nô ter como disciplina obrigatr̤ia a execuȯ̂ penal; outro ̌que eles tm̊ competn̊cia suficiente para criar e fazer funcionar um grupo de estudos que em muito ultrapassou a iniciati- va de uma diretoria do CAAP. Hoje, o Casa Verde pertence a todos os alunos, ̌formado por estudantes que depois de deixar a graduaȯ̂ ingressaram no Mestrado e Doutorado e nessa condiȯ̂ passaram a contribuir ainda mais com o desenvolvimento e aperfeiȯamento do grupo. 
506 1 |a Disponible solo en los productos indicados  |d vLex Global  |d vLex Global (Academic Edition, excluding Law Schools)  |d vLex Global (U.S. Academic Edition, Law Schools)  |d vLex Global (U.S. Academic Edition, excluding Law Schools)  |d vLex Global (Academic Edition, Law Schools) 
650 0 4 |a Derecho Penal  |z Brasil 
700 1 |a Leite Valente, Jl︢ia 
700 1 |a Rodrigues Medrado, Nayara 
700 1 |a Reis Albuquerque, Lucas Augusto 
740 0 |a vLex Libros (Servicio en ln̕ea) 
856 4 0 |u http://vlex.com/source/criminologia-critica-e-critica-criminologica-estudos-em-homenagem-aos-10-anos-do-grupo-casa-verde-32539  |z Acceso restringido 
942 |c BOOK 
999 0 |a Criminal law